• 首页
  • 本馆介绍
  • 公告通知
  • 最新文献
  • 馆藏检索
  • 电子资源
  • 读者导购
  • 参考咨询
  • 我的图书馆
  • 登录
  • 详细信息显示
  • 放入我的书架
  • 预约/预借图书
  • 作者相关作品
  • 分类相关作品
  • 丛书相关作品
  • 出版社相关作品

书目信息

  • 表格格式
  • 工作单格式
  • 卡片格式
题名:
左膀右臂
    
 
作者: 高明 编译
分册:  
出版信息: 北京   中国计划出版社  1998
页数: 356页
开本: 20cm
丛书名:
单 册:
中图分类: F279.1 , K815.3
科图分类:
主题词: 企业管理--经营决策--世界 , 企业家--生平事迹--世界--现代
电子资源:
ISBN: 7-80058-692-8
000 00731nam0 2200253 450
001 0100695560
005 20100712111428.0
010    @a7-80058-692-8@dCNY21.80
011    @a7-80058-692-8
100    @a20021005d1998 em y0chiy0110 ea
101 1  @achi@cmul
102    @aCN@b110000
105    @ay z 000yd
106    @ar
200 1  @a左膀右臂@9Zuo Bang;Pang You Bi;Bei @e世界杰出商人身边的超级谋士@f高明编译@b专著
210    @a北京@c中国计划出版社@d1998
215    @a356页@d20cm
606 0  @a企业管理@x经营决策@y世界
606 0  @a企业家@x生平事迹@y世界@z现代
690    @aF279.1@v3
690    @aK815.3@v3
701  0 @a高明@9gao ming@4编译
801  0 @aCN@bAiZhiMarc@c19990310
905    @aBZT@dF279.1@e137@f1@sF279.1/137
    
    左膀右臂:世界杰出商人身边的超级谋士/高明编译.-北京:中国计划出版社,1998
    356页;20cm
    
    
    ISBN 7-80058-692-8:CNY21.80
    
●
相关链接 在五车中查询图书 在当当中查询图书 在豆瓣中查询图书


正题名:左膀右臂     索取号:F279.1/137         预约/预借

序号 登录号 条形码 馆藏地/架位号 状态 备注
1 2000123255   2000123255   旧书回溯/ [索取号:F279.1/137] 在馆    
山东省滨州职业学院图书馆 欢迎您!
大连网信软件有限公司© 版权所有